| 000 | 02651nam a2200349 a 4500 | ||
|---|---|---|---|
| 001 | BRCA_2436 | ||
| 005 | 20190320203816.0 | ||
| 008 | 141108s1797----sp-a---###---#000-0dspa-u | ||
| 041 | _aspa | ||
| 044 | _asp | ||
| 084 |
_a076 _b.S264 _c1797 |
||
| 100 | 1 |
_aCervantes Saavedra, Miguel de _d1547-1616 _9213 |
|
| 245 | 1 | 0 |
_aEl Ingenioso Hidalgo Don Quixote de la Mancha _ccompuesto por Miguel de Cervantes Saavedra. |
| 260 |
_aMadrid _bGabriel de Sancha _c1797 |
||
| 300 |
_a5 v. _bil. _c21 cm. _e1 mapa |
||
| 500 | _aContenido : v 1. Primera parte. Notas al título de la obra. Discurso preliminar. Vida de Cervantes y algunos documentos sobre su vida por Pellicer. Dedicatoria del autor. Prólogo del autor. Versos preliminares. Texto. -- v 2. Texto. -- v 3. Texto. -- v 4. Segunda parte. Dedicatoria del autor. Prólogo del autor. Texto. -- v 5. Mapa de los viajes de D. Quijote. Texto | ||
| 500 | _aEdición : Nueva edición corregida de nuevo, con nuevas notas, nuevas estampas, con nuevo análisis y con la vida del autor nuevamente aumentada por Juan Antonio Pellicer | ||
| 500 | _aEdición de Pellicer, bien acabada desde el punto de vista tipográfico, copia de la edición académica con algunas variantes. Pellicer fue uno de los destacados primeros biógrafos de Cervantes y comentadores del Quijote. Sus notas y noticias sobre la vida y obra cervantinas, hoy ya anticuadas, eran muy notables en su tiempo; constituyen, aún hoy, una rica fuente de erudición cervantesca. El retrato de Cervantes está dibujado por R. Ximeno, las láminas están hechas por Ximeno, Camarón y Paret. Tanto por lo que toca al aspecto literario, como al tipográfico y erudito, merece esta edición ser colocada entre las buenas que se han impreso. Hermoso ejemplar, encuadernado en fina piel roja, planos orlados, lomeras decoradas con florones y filetes dorados, cortes, cantos y contracantos dorados también Lúdovik Osterc | ||
| 500 | _aEstado físico : La cubierta del volumen 1 se encuentra desprendida | ||
| 500 | _aQM60 | ||
| 650 | 1 | 4 |
_aNovela española _yÉpoca clásica, 1500-1700 _9215 |
| 650 | 1 | 4 |
_aLiteratura española _yÉpoca clásica, 1500-1700 _9216 |
| 650 | 1 | 4 |
_aNovela española _ySiglo XVII _9217 |
| 650 | 1 | 4 |
_aDon Quijote (Personaje ficticio) _eNovela _9218 |
| 700 | 1 |
_aPellicer y Pilares, Juan Antonio _d1738-1806 _eBiógrafo _97120 |
|
| 700 | 1 |
_aJimeno, José Antonio _d1757-1807 _eIlustrador _97121 |
|
| 700 | 1 |
_aCamarón Boronat, José _d1730-1803 _eIlustrador _97122 |
|
| 700 | 1 |
_aParet y Alcázar, Luis _d1746-1799 _eIlustrador _97123 |
|
| 740 | 0 | _aEl Ingenioso Hidalgo Don Quijote de la Mancha | |
| 902 | _aQFM | ||
| 942 |
_2lcc _cB |
||
| 999 |
_c2177 _d2177 |
||